[Event "SLO-chT1 East"]
[Site "Slovenia"]
[Date "2019.09.08"]
[Round "3.3"]
[White "Spalir, Branko"]
[Black "Peric, Bernard"]
[Result "1/2-1/2"]
[WhiteElo "2115"]
[BlackElo "2096"]
[PlyCount "64"]
[EventDate "2019.09.06"]
[EventType "team-tourn"]
[EventRounds "9"]
[EventCountry "SLO"]
[SourceTitle "EXT 2020"]
[Source "ChessBase"]
[SourceDate "2019.10.17"]
[SourceVersion "1"]
[SourceVersionDate "2019.10.17"]
[SourceQuality "1"]
[WhiteTeam "Slovenj Gradec"]
[BlackTeam "Zagorje ob Savi"]
[WhiteTeamCountry "SLO"]
[BlackTeamCountry "SLO"]

1. e4 e5 2. Nf3 Nf6 3. Nxe5 d6 4. Nf3 Nxe4 5. Nc3 Nxc3 6. dxc3 Be7 7. h3 Nc6 8. Bf4 Bf5 9. Bd3 Qd7 10. Qd2 Qe6+ 11. Be3 Ne5 12. Bb5+ c6 13. Nd4 Qg6 14. Nxf5 Qxf5 15. Be2 0-0 16. 0-0 d5 17. b3 Qc8 18. a4 Re8 19. Rad1 Qc7 20. Rde1 Nd7 21. Bd3 Bc5 22. Bd4 Bxd4 23. cxd4 Nf6 24. Qb4 b6 25. Rxe8+ Rxe8 26. Re1 Rxe1+ 27. Qxe1 Kf8 28. Qc3 Qd6 29. Ba6 c5 30. Bb5 Ne4 31. Qe3 cxd4 32. Qxd4 Qc5 1/2-1/2

[Event "SLO-chT1 East"]
[Site "Slovenia"]
[Date "2019.09.07"]
[Round "2.2"]
[White "Adam, Miroslav"]
[Black "Spalir, Branko"]
[Result "1/2-1/2"]
[WhiteElo "2106"]
[BlackElo "2115"]
[PlyCount "54"]
[EventDate "2019.09.06"]
[EventType "team-tourn"]
[EventRounds "9"]
[EventCountry "SLO"]
[SourceTitle "EXT 2020"]
[Source "ChessBase"]
[SourceDate "2019.10.17"]
[SourceVersion "1"]
[SourceVersionDate "2019.10.17"]
[SourceQuality "1"]
[WhiteTeam "Fram"]
[BlackTeam "Slovenj Gradec"]
[WhiteTeamCountry "SLO"]
[BlackTeamCountry "SLO"]

1. d4 d5 2. c4 e6 3. Nc3 Nf6 4. Bg5 Be7 5. cxd5 Nxd5 6. Bxe7 Qxe7 7. Nf3 0-0 8. e3 Nd7 9. Bd3 Nxc3 10. bxc3 c5 11. 0-0 b6 12. Be4 Rb8 13. Nd2 Bb7 14. Qf3 Bxe4 15. Nxe4 cxd4 16. cxd4 Rbc8 17. Rfc1 e5 18. dxe5 Nxe5 19. Qe2 Qa3 20. Rxc8 Rxc8 21. h3 Rc1+ 22. Rxc1 Qxc1+ 23. Kh2 Qc7 24. Kg1 Qc1+ 25. Kh2 Qc7 26. Kg1 Qc1+ 27. Kh2 Qc7 1/2-1/2

[Event "SLO-chT1 East"]
[Site "Slovenia"]
[Date "2016.11.25"]
[Round "7"]
[White "Spalir, Branko"]
[Black "Amon, Nejc"]
[Result "1/2-1/2"]
[WhiteElo "2121"]
[BlackElo "2127"]
[PlyCount "86"]
[EventDate "2016.09.23"]
[EventType "team-tourn"]
[EventRounds "9"]
[EventCountry "SLO"]
[SourceTitle "EXT 2019"]
[Source "ChessBase"]
[SourceDate "2018.10.10"]
[SourceVersion "1"]
[SourceVersionDate "2018.10.10"]
[SourceQuality "1"]
[WhiteTeam "Slovenj Gradec"]
[BlackTeam "Sentjur"]
[WhiteTeamCountry "SLO"]
[BlackTeamCountry "SLO"]

1. e4 c5 2. Nc3 Nc6 3. g3 g6 4. Bg2 Bg7 5. d3 d6 6. f4 e6 7. Nf3 Nge7 8. 0-0 0-0 9. Ne2 b6 10. c3 Ba6 11. Qc2 Rc8 12. g4 d5 13. e5 f6 14. exf6 Bxf6 15. Bh3 Bg7 16. Bd2 Qd6 17. Rae1 Rce8 18. Bg2 e5 19. fxe5 Nxe5 20. Nxe5 Bxe5 21. h3 Rxf1+ 22. Rxf1 Bh2+ 23. Kh1 Nf5 24. gxf5 Rxe2 25. f6 Kf7 26. Re1 Rxg2 27. Qa4 Rg1+ 28. Rxg1 Bxg1 29. Kxg1 Qg3+ 30. Kh1 Qxh3+ 31. Kg1 Qg3+ 32. Kh1 Qf3+ 33. Kg1 Qg3+ 34. Kh1 Qf3+ 35. Kg1 Bc8 36. Qxa7+ Kxf6 37. Qxb6+ Kf5 38. Be1 Qe2 39. Bf2 Qg4+ 40. Kf1 Qd1+ 41. Kg2 Qg4+ 42. Kf1 Qd1+ 43. Kg2 Qg4+ 1/2-1/2

[Event "SLO-chT1 East"]
[Site "Slovenia"]
[Date "2016.11.11"]
[Round "4"]
[White "Bender, Ivan"]
[Black "Spalir, Branko"]
[Result "1-0"]
[WhiteElo "2164"]
[BlackElo "2121"]
[PlyCount "93"]
[EventDate "2016.09.23"]
[EventType "team-tourn"]
[EventRounds "9"]
[EventCountry "SLO"]
[SourceTitle "EXT 2019"]
[Source "ChessBase"]
[SourceDate "2018.10.10"]
[SourceVersion "1"]
[SourceVersionDate "2018.10.10"]
[SourceQuality "1"]
[WhiteTeam "Zagorje ob Savi"]
[BlackTeam "Slovenj Gradec"]
[WhiteTeamCountry "SLO"]
[BlackTeamCountry "SLO"]

1. Nf3 Nf6 2. c4 e6 3. Nc3 d5 4. e3 Be7 5. Qc2 0-0 6. h4 c5 7. b3 Nc6 8. a3 d4 9. exd4 Nxd4 10. Nxd4 cxd4 11. Na2 b6 12. Bb2 Bb7 13. Rg1 Qd6 14. 0-0-0 Qf4 15. f3 Qxh4 16. Bd3 g6 17. Kb1 Rfd8 18. Nc1 e5 19. Rh1 Qg5 20. Rdg1 Rac8 21. Qd1 e4 22. fxe4 Bxe4 23. Ka2 Bxd3 24. Nxd3 Ne4 25. Re1 f5 26. g4 Ng3 27. Rhg1 Bd6 28. gxf5 Qxf5 29. Nb4 Bxb4 30. axb4 Qf4 31. Re7 Rc7 32. Rxc7 Qxc7 33. Qg4 Nh5 34. Qxh5 Qf4 35. Qh3 Qd6 36. b5 Rd7 37. Ba3 Qc7 38. Re1 Kg7 39. Re4 h5 40. Bb2 Kh6 41. Bxd4 Qd8 42. Qe3+ Qg5 43. Qc3 Qf5 44. Be3+ Kh7 45. Re8 Rg7 46. Bd4 Qd7 47. Qe3 1-0

[Event "SLO-chT1 East"]
[Site "Slovenia"]
[Date "2015.10.17"]
[Round "2"]
[White "Spalir, Branko"]
[Black "Pesec, Franc"]
[Result "1/2-1/2"]
[WhiteElo "2108"]
[BlackElo "2127"]
[PlyCount "135"]
[EventDate "2015.10.16"]
[EventType "team-tourn"]
[EventRounds "9"]
[EventCountry "SLO"]
[SourceTitle "EXT 2019"]
[Source "ChessBase"]
[SourceDate "2018.10.10"]
[SourceVersion "1"]
[SourceVersionDate "2018.10.10"]
[SourceQuality "1"]
[WhiteTeam "Slovenj Gradec"]
[BlackTeam "Celje"]
[WhiteTeamCountry "SLO"]
[BlackTeamCountry "SLO"]

1. e4 c5 2. Nc3 e6 3. g3 d5 4. d3 Nf6 5. Bg2 Nc6 6. f4 d4 7. Nce2 e5 8. Nf3 Bd6 9. 0-0 Bg4 10. f5 Qb6 11. h3 Bxf3 12. Bxf3 Nd7 13. Bh5 Be7 14. Kh2 Nf6 15. Bf3 h5 16. Rb1 Qa6 17. a3 b5 18. Bd2 c4 19. Rg1 Ng4+ 20. Kg2 Nf6 21. Nc1 b4 22. axb4 Bxb4 23. Bg5 Nh7 24. Bd2 Nf6 25. dxc4 Qxc4 26. Be2 Qc5 27. Nd3 Qd6 28. Nxb4 Nxb4 29. Bb5+ Ke7 30. c3 Rhb8 31. Qa4 a6 32. Be2 Nxe4 33. Be1 Nc5 34. Qd1 Nd5 35. Bf2 dxc3 36. Qc2 Nf6 37. Bf3 e4 38. Be2 Nd3 39. Bxd3 Qxd3 40. Bc5+ Ke8 41. Qa4+ Qd7 42. Qxd7+ Nxd7 43. Bd4 Rxb2+ 44. Rxb2 cxb2 45. Bxb2 Rb8 46. Bxg7 f6 47. Ra1 Kf7 48. Bh6 Rb5 49. g4 a5 50. Be3 hxg4 51. hxg4 Ne5 52. Kg3 Rb3 53. Kf4 Nxg4 54. Bg1 Ne5 55. Rxa5 Rb4 56. Rxe5 fxe5+ 57. Kxe5 Rb1 58. Be3 Rb5+ 59. Kxe4 Kf6 60. Bd4+ Ke7 61. Be5 Rb1 62. Kf4 Rf1+ 63. Kg5 Kf7 64. Bc3 Rf3 65. Be5 Re3 66. Kf4 Re2 67. Bc3 Rf2+ 68. Kg5 1/2-1/2

[Event "SLO-chT1 East"]
[Site "Slovenia"]
[Date "2015.10.16"]
[Round "1"]
[White "Spalir, Branko"]
[Black "Bratkovic, Jakob"]
[Result "0-1"]
[WhiteElo "2108"]
[BlackElo "2249"]
[PlyCount "80"]
[EventDate "2015.10.16"]
[EventType "team-tourn"]
[EventRounds "9"]
[EventCountry "SLO"]
[SourceTitle "EXT 2019"]
[Source "ChessBase"]
[SourceDate "2018.10.10"]
[SourceVersion "1"]
[SourceVersionDate "2018.10.10"]
[SourceQuality "1"]
[WhiteTeam "Slovenj Gradec"]
[BlackTeam "Maribor ZSK II"]
[WhiteTeamCountry "SLO"]
[BlackTeamCountry "SLO"]

1. e4 c5 2. Nc3 Nc6 3. g3 g6 4. Bg2 Bg7 5. d3 e6 6. f4 d6 7. Nf3 Nge7 8. 0-0 0-0 9. Kh1 Rb8 10. g4 f5 11. gxf5 exf5 12. Nd5 fxe4 13. dxe4 Bg4 14. c3 Kh8 15. Qd3 Qd7 16. Be3 Rbe8 17. Rf2 Ng8 18. Rg1 Nce7 19. Nxe7 Qxe7 20. Nd2 Nf6 21. Re1 Bd7 22. Rff1 Bc6 23. Bf2 Nh5 24. Bg3 Bh6 25. f5 Nxg3+ 26. hxg3 gxf5 27. exf5 Qg5 28. Bxc6 Rxe1 29. Rxe1 bxc6 30. Nc4 Rxf5 31. Nxd6 Qh5+ 32. Kg1 Rd5 33. Qa6 Qf3 34. Qc8+ Bf8 35. Ne4 Rh5 36. Nf2 Qxg3+ 37. Kf1 Qf3 38. Kg1 Rg5+ 39. Kf1 Qg2+ 40. Ke2 Re5+ 0-1

[Event "SLO-chT1 East"]
[Site "Celje"]
[Date "2014.10.12"]
[Round "5"]
[White "Amon, Nejc"]
[Black "Spalir, Branko"]
[Result "1/2-1/2"]
[WhiteElo "1930"]
[BlackElo "2109"]
[PlyCount "82"]
[EventDate "2014.10.09"]
[EventType "team-tourn"]
[EventRounds "9"]
[EventCountry "SLO"]
[SourceTitle "EXT 2019"]
[Source "ChessBase"]
[SourceDate "2018.10.10"]
[SourceVersion "1"]
[SourceVersionDate "2018.10.10"]
[SourceQuality "1"]
[WhiteTeam "Sentjur"]
[BlackTeam "Slovenj Gradec"]
[WhiteTeamCountry "SLO"]
[BlackTeamCountry "SLO"]

1. e4 e5 2. Nf3 Nc6 3. d4 exd4 4. Nxd4 Nf6 5. Nxc6 bxc6 6. e5 Qe7 7. Qe2 Nd5 8. c4 Nb6 9. Nc3 Bb7 10. f4 0-0-0 11. Be3 f6 12. exf6 Qxf6 13. 0-0-0 Ba6 14. Qf2 Bb7 15. Bd3 Qf7 16. c5 Nd5 17. Bc4 Qf5 18. g4 Qxg4 19. Nxd5 cxd5 20. Bxd5 Bxd5 21. Rxd5 Qe6 22. Rhd1 Be7 23. Qf3 Qc6 24. Qh1 d6 25. Kb1 Qb7 26. cxd6 Rxd6 27. Rxd6 Qxh1 28. Rxh1 Bxd6 29. Bxa7 Bxf4 30. Bd4 Rg8 31. h3 g5 32. Kc2 Kd7 33. Kd3 h5 34. Ke4 Ra8 35. h4 Ra4 36. hxg5 Bxg5 37. b3 Rb4 38. Rxh5 Bf6 39. Rd5+ Ke6 40. a3 Rxb3 41. Bxf6 Kxf6 1/2-1/2

[Event "SLO-chT1 East"]
[Site "Sentjur"]
[Date "2013.10.26"]
[Round "7"]
[White "Spalir, Branko"]
[Black "Povse, Martin"]
[Result "1-0"]
[WhiteElo "2105"]
[BlackElo "2106"]
[PlyCount "109"]
[EventDate "2013.10.17"]
[EventType "team-tourn"]
[EventRounds "9"]
[EventCountry "SLO"]
[SourceTitle "EXT 2015"]
[Source "ChessBase"]
[SourceDate "2014.11.20"]
[SourceVersion "1"]
[SourceVersionDate "2014.11.20"]
[SourceQuality "1"]

1. e4 e6 2. d4 d5 3. exd5 exd5 4. Bd3 Bd6 5. c3 h6 6. Ne2 Ne7 7. Qc2 c6 8. Be3 Nd7 9. Nd2 Nf6 10. Nf3 Qc7 11. 0-0-0 Bd7 12. h3 0-0-0 13. Ne5 Rhf8 14. Nxd7 Rxd7 15. Kb1 Kb8 16. Rhf1 Nc8 17. Ng3 Re8 18. Nf5 Bf8 19. g3 Ka8 20. Bf4 Qd8 21. Be5 g6 22. Ne3 Bd6 23. f4 Ne4 24. Bxe4 dxe4 25. Ng4 Be7 26. f5 g5 27. f6 Bf8 28. Qxe4 Nb6 29. Qc2 Nd5 30. Rde1 Re6 31. c4 Nb4 32. Qc3 h5 33. Nf2 Bd6 34. Bxd6 Rdxd6 35. Qxb4 Qxf6 36. Rxe6 Qxe6 37. Qe1 Qg6+ 38. Qe4 Rxd4 39. Qxg6 fxg6 40. Rd1 Rxd1+ 41. Nxd1 Kb8 42. Kc2 Kc7 43. Kd3 Kd6 44. Nf2 Ke5 45. Ke3 b6 46. g4 b5 47. cxb5 cxb5 48. Ne4 a5 49. Nxg5 Kd5 50. gxh5 gxh5 51. Ne4 b4 52. Nf6+ Kc4 53. Nxh5 a4 54. Kd2 Kd4 55. h4 1-0

[Event "SLO-chT1 East"]
[Site "Sentjur"]
[Date "2013.10.17"]
[Round "1"]
[White "Drnovsek, Nejc"]
[Black "Spalir, Branko"]
[Result "1/2-1/2"]
[WhiteElo "2125"]
[BlackElo "2105"]
[PlyCount "122"]
[EventDate "2013.10.17"]
[EventType "team-tourn"]
[EventRounds "9"]
[EventCountry "SLO"]
[SourceTitle "EXT 2015"]
[Source "ChessBase"]
[SourceDate "2014.11.20"]
[SourceVersion "1"]
[SourceVersionDate "2014.11.20"]
[SourceQuality "1"]

1. d4 Nf6 2. c4 g6 3. g3 Bg7 4. Bg2 0-0 5. Nc3 c6 6. Nf3 d5 7. Ne5 dxc4 8. Nxc4 Be6 9. Ne5 Qc8 10. 0-0 Bh3 11. Qb3 Bxg2 12. Kxg2 Nbd7 13. h3 c5 14. Nxd7 Nxd7 15. Nd5 Re8 16. Bg5 Qc6 17. Qf3 f6 18. Be3 cxd4 19. Bxd4 e5 20. Rac1 Qd6 21. Nc7 exd4 22. Nxa8 Rxa8 23. Qxb7 Nb6 24. Rc7 Qd5+ 25. Qxd5+ Nxd5 26. Rd7 Nb6 27. Rxd4 f5 28. Rb4 Rc8 29. a4 Bf8 30. Rb5 Nxa4 31. Ra1 a6 32. Ra5 Nxb2 33. Rxa6 Rc2 34. e3 Nd3 35. R1a2 Rxa2 36. Rxa2 Kf7 37. Ra6 Bb4 38. Ra7+ Be7 39. Ra6 Ne1+ 40. Kf1 Nf3 41. Kg2 Ng5 42. h4 Ne4 43. Rb6 Ba3 44. Rb7+ Be7 45. Rb6 Ke8 46. Rb7 Nc5 47. Rb8+ Kf7 48. Rb6 Ne6 49. Kf3 h6 50. Ra6 Bc5 51. Ra8 Kf6 52. Ra6 Ke5 53. Ra8 Kd5 54. Rg8 g5 55. hxg5 hxg5 56. Re8 g4+ 57. Ke2 Bd6 58. Rg8 Be7 59. Ra8 Ng5 60. Re8 Bd6 61. Rc8 Ne4 1/2-1/2

[Event "SLO-chT1 Ost"]
[Site "Maribor"]
[Date "2012.10.20"]
[Round "7"]
[White "Spalir, Branko"]
[Black "Vombek, Danijel"]
[Result "0-1"]
[WhiteElo "2076"]
[BlackElo "2305"]
[PlyCount "94"]
[EventDate "2012.10.11"]
[EventType "team-tourn"]
[EventRounds "9"]
[EventCountry "SLO"]
[SourceTitle "EXT 2022"]
[Source "ChessBase"]
[SourceDate "2021.10.06"]
[SourceVersion "1"]
[SourceVersionDate "2021.10.06"]
[SourceQuality "1"]

1. e4 c5 2. Nc3 a6 3. g3 b5 4. Bg2 Bb7 5. d3 e6 6. Nh3 b4 7. Ne2 d5 8. e5 Qc7 9. f4 d4 10. 0-0 Bxg2 11. Kxg2 Qc6+ 12. Kg1 Ne7 13. Ng5 h5 14. Bd2 Nf5 15. h4 Nd7 16. c3 bxc3 17. bxc3 dxc3 18. Bc1 Nb6 19. Ne4 Nd5 20. Qb3 Rd8 21. N2xc3 Nxc3 22. Qxc3 Be7 23. Kh2 0-0 24. Rb1 Rd4 25. Rb3 Rfd8 26. Qc2 Rxe4 27. dxe4 Nd4 28. Qb1 Nxb3 29. axb3 Qb5 30. Rf2 c4 31. f5 Qxb3 32. Rb2 Qf3 33. Rb8 Qe2+ 34. Kh3 Qf1+ 35. Kh2 Rxb8 36. Qxb8+ Kh7 37. Qa7 Bxh4 38. Qe3 Bd8 39. f6 Qd3 40. Qg5 Qe2+ 41. Kh1 Qxe4+ 42. Kh2 Qg6 43. Qd2 Bb6 44. fxg7 Kxg7 45. Ba3 h4 46. Kh1 Qxg3 47. Bf8+ Kg8 0-1

[Event "SLO-chT1 Ost"]
[Site "Sentjur"]
[Date "2011.10.16"]
[Round "5"]
[White "Plesec, Damjan"]
[Black "Spalir, Branko"]
[Result "1-0"]
[WhiteElo "2304"]
[BlackElo "2088"]
[PlyCount "89"]
[EventDate "2011.10.13"]
[EventType "team-tourn"]
[EventRounds "9"]
[EventCountry "SLO"]
[SourceTitle "EXT 2022"]
[Source "ChessBase"]
[SourceDate "2021.10.06"]
[SourceVersion "1"]
[SourceVersionDate "2021.10.06"]
[SourceQuality "1"]
[WhiteTeam "Lendava Rokada"]
[BlackTeam "Slovenj Gradec"]
[WhiteTeamCountry "SLO"]
[BlackTeamCountry "SLO"]

1. d4 Nf6 2. c4 g6 3. Nf3 Bg7 4. g3 0-0 5. Bg2 c6 6. 0-0 d5 7. Nc3 dxc4 8. e4 Nbd7 9. a4 a5 10. Qe2 Nb6 11. h3 h6 12. Be3 Nfd7 13. Rfd1 Kh7 14. Nd2 e5 15. dxe5 Bxe5 16. f4 Bg7 17. Nxc4 Nxc4 18. Qxc4 Qe7 19. Rd2 Re8 20. Rad1 Nf8 21. e5 Be6 22. Qd4 Bb3 23. Ra1 Qb4 24. Qxb4 axb4 25. Ne4 Ne6 26. Nd6 Re7 27. Nxb7 Rxb7 28. Bxc6 Rba7 29. Bxa8 Rxa8 30. Rd7 Kg8 31. a5 Bc4 32. Ra7 Rxa7 33. Bxa7 f6 34. Bb8 Bf8 35. Bd6 Ba6 36. Bxf8 Kxf8 37. Rd1 Ke7 38. exf6+ Kxf6 39. Rd6 Bc4 40. a6 Ke7 41. a7 Kxd6 42. a8Q b3 43. Qe4 Kc5 44. Qxg6 Kd4 45. Qf6+ 1-0

[Event "SLO-chT1 Ost"]
[Site "Sentjur"]
[Date "2011.10.15"]
[Round "4"]
[White "Spalir, Branko"]
[Black "Brinovec, Franc"]
[Result "1/2-1/2"]
[WhiteElo "2088"]
[BlackElo "2088"]
[PlyCount "66"]
[EventDate "2011.10.13"]
[EventType "team-tourn"]
[EventRounds "9"]
[EventCountry "SLO"]
[SourceTitle "EXT 2022"]
[Source "ChessBase"]
[SourceDate "2021.10.06"]
[SourceVersion "1"]
[SourceVersionDate "2021.10.06"]
[SourceQuality "1"]
[WhiteTeam "Slovenj Gradec"]
[BlackTeam "Zalec"]
[WhiteTeamCountry "SLO"]
[BlackTeamCountry "SLO"]

1. e4 d5 2. exd5 Nf6 3. Nf3 Qxd5 4. Nc3 Qa5 5. Be2 c6 6. 0-0 Bg4 7. d3 Nbd7 8. a3 Qc7 9. Re1 e6 10. Bg5 Be7 11. Nd4 Bxe2 12. Qxe2 0-0-0 13. Nf5 Bf8 14. Ne3 Bd6 15. h3 h6 16. Bxf6 Nxf6 17. Nc4 Rhe8 18. b4 Bf8 19. b5 Nd5 20. Nxd5 cxd5 21. Nd2 Kb8 22. Nb3 Qc3 23. Ra2 Bd6 24. a4 Rc8 25. Rd1 Qe5 26. Qxe5 Bxe5 27. Re1 Bc3 28. Re2 Rc7 29. Kf1 Rec8 30. Nd2 b6 31. Ke1 Kb7 32. Kd1 Ra8 33. Nb1 Ba5 1/2-1/2

[Event "SLO-chT1 East"]
[Site "Celje"]
[Date "2006.11.06"]
[Round "3"]
[White "Spalir, Branko"]
[Black "Pukl, Daniel"]
[Result "1-0"]
[WhiteElo "2086"]
[BlackElo "2176"]
[PlyCount "49"]
[EventDate "2006.11.04"]
[EventType "team"]
[EventRounds "9"]
[EventCountry "SLO"]
[SourceTitle "EXT 2008"]
[Source "ChessBase"]
[SourceDate "2007.11.25"]
[SourceVersion "1"]
[SourceVersionDate "2007.11.25"]
[SourceQuality "1"]

1. e4 c5 2. Nc3 g6 3. d3 Bg7 4. g4 Nc6 5. Bg2 d6 6. h3 e6 7. Be3 Nge7 8. f4 b5 9. Qc1 b4 10. Nce2 Ba6 11. Nf3 0-0 12. 0-0 Rb8 13. Rd1 Qb6 14. Ng3 Nd4 15. Bxd4 cxd4 16. Qd2 Rbc8 17. Rf1 Qc5 18. Rf2 f5 19. Re1 fxg4 20. hxg4 Bh6 21. g5 Bg7 22. Bh3 e5 23. Be6+ Kh8 24. f5 gxf5 25. exf5 1-0

[Event "SLO-chT1 East"]
[Site "Celje"]
[Date "2006.11.04"]
[Round "2"]
[White "Vombek, Danijel"]
[Black "Spalir, Branko"]
[Result "1-0"]
[WhiteElo "2325"]
[BlackElo "2086"]
[PlyCount "178"]
[EventDate "2006.11.04"]
[EventType "team"]
[EventRounds "9"]
[EventCountry "SLO"]
[SourceTitle "EXT 2008"]
[Source "ChessBase"]
[SourceDate "2007.11.25"]
[SourceVersion "1"]
[SourceVersionDate "2007.11.25"]
[SourceQuality "1"]

1. e4 e5 2. Nf3 Nc6 3. Bb5 a6 4. Bxc6 dxc6 5. 0-0 f6 6. d4 Bg4 7. c3 Bd6 8. Be3 Qe7 9. Nbd2 0-0-0 10. Qc2 g5 11. dxe5 Bxe5 12. Nxe5 fxe5 13. Rfe1 h5 14. b4 h4 15. h3 Be6 16. f3 Nf6 17. a4 b6 18. a5 Kb7 19. Nf1 b5 20. Qc1 Rdg8 21. Bf2 Nh5 22. Qe3 Ra8 23. Qc5 Qxc5 24. Bxc5 Rae8 25. Rad1 Nf4 26. Ne3 Kc8 27. Rd2 Ng6 28. Nf5 Rh7 29. Kf2 Nf4 30. Ne3 Bc4 31. Ng4 Rf7 32. Red1 Bb3 33. Rb1 Bc4 34. Be3 Nd3+ 35. Kg1 Nf4 36. Kh2 Re6 37. Rbd1 Re8 38. Nh6 Rf6 39. Bxf4 gxf4 40. Nf5 Rh8 41. Ne7+ Kb7 42. Rd8 Rh7 43. Nf5 Be6 44. Re8 Bxf5 45. exf5 Rxf5 46. Rdd8 c5 47. Rd5 cxb4 48. cxb4 Kc6 49. Rc5+ Kd6 50. Ra8 c6 51. Rxa6 Rc7 52. Rxb5 Rg5 53. Rc5 Rg8 54. Rb6 Ra8 55. Kg1 Re8 56. Rc2 Kd5 57. Kf2 Re6 58. b5 Rd6 59. Rd2+ Kc5 60. Rxd6 Kxd6 61. Ke2 Kd5 62. Rxc6 Rb7 63. Rb6 Rg7 64. a6 Rxg2+ 65. Kd3 Ra2 66. Rb7 Ra3+ 67. Ke2 Ra2+ 68. Kd1 Ra1+ 69. Kc2 e4 70. fxe4+ Kxe4 71. Kb2 Ra5 72. a7 f3 73. b6 f2 74. Rf7 Ke3 75. Kc3 Ke2 76. b7 Ra3+ 77. Kb2 Rxa7 78. Rxf2+ Kxf2 79. b8Q Ra4 80. Qh2+ Kf3 81. Kc3 Ra3+ 82. Kd4 Ra4+ 83. Ke5 Ra5+ 84. Kf6 Rb5 85. Kg6 Rc5 86. Qh1+ Kf4 87. Qf1+ Kg3 88. Qg1+ Kxh3 89. Qxc5 Kg2 1-0

[Event "SLO-chT East"]
[Site "Slovenia"]
[Date "2005.10.30"]
[Round "9.2"]
[White "Spalir, Branko"]
[Black "Krstic, Uros"]
[Result "0-1"]
[WhiteElo "2109"]
[BlackElo "2338"]
[PlyCount "81"]
[EventDate "2005.10.19"]
[EventType "team"]
[EventRounds "9"]
[EventCountry "SLO"]
[SourceTitle "EXT 2009"]
[Source "ChessBase"]
[SourceDate "2008.11.26"]
[SourceVersion "1"]
[SourceVersionDate "2008.11.26"]
[SourceQuality "1"]

1. e4 g6 2. Nc3 Bg7 3. g3 c6 4. Bg2 b5 5. d3 d6 6. h3 e5 7. Bd2 Nd7 8. Nf3 a5 9. 0-0 Ngf6 10. Re1 0-0 11. Qc1 Re8 12. Bg5 Ba6 13. Qd2 Qc7 14. Rad1 Nc5 15. Bh6 Bh8 16. Nh2 b4 17. Ne2 d5 18. Qe3 Qa7 19. f3 dxe4 20. fxe4 Ne6 21. Rf1 a4 22. b3 Bb5 23. Rf2 Qxe3 24. Bxe3 axb3 25. axb3 Ra2 26. Nc1 Ra1 27. Nf3 Nh5 28. Kh2 f5 29. exf5 gxf5 30. Bd2 e4 31. dxe4 fxe4 32. Nh4 Bd4 33. Rf5 Neg7 34. Rxb5 cxb5 35. Rh1 e3 36. Bxb4 e2 37. Bd5+ Kh8 38. Bf3 e1Q 39. Bxe1 Rxc1 40. Bb4 Rxc2+ 41. Ng2 0-1